000 01234nam a2200301 a 4500
001 17538
003 BD-RjUL
005 20211209000145.0
008 140217r19751963nyu x b 0 a0engdd
035 _aBD-RjUL)17596
040 _aDLC
_beng
_cIn
_dIn
_dInU
_dOCoLC
_dInU
_dN
_dDLC
_dOCoLC
_dNST
_dOCoLC
_dInU
_dOCoLC
_dDLC
_dOCoLC
_dCNNWL
_dHEBIS
_dDEBBG
_dGBVCP
_dViFGM
_dUKMGB
_dOCoLC
_dBD-RjUL
041 _aeng
082 0 0 _a812.008
_219
_bBES 1975
245 0 0 _aBest American plays :
_bFifth Series 1957-1963 /
_cEd.by John, Gassner
260 _aNew York :
_bCrown Publishers,
_cc1963 [Reprinted 1975]
300 _axxiv,678p. ;
_c25 cm.
500 _aEditors: 3rd-5th ser., J. Gassner; 6th ser., J. Gassner and C. Barnes; 7th- ser., C. Barnes.
650 0 _aAmerican drama
_y20th century.
_951401
700 1 _aGassner, John,
_d1903-1967.
_950316
700 1 _aBarnes, Clive,
_d1927-2008.
_954038
776 0 8 _iOnline version:
_tBest American plays
_w(OCoLC)646868764
780 0 0 _tBest plays of the modern American theatre
_w(DLC)sf 82003157
_w(OCoLC)5367558
936 _a9th ser. (1983/92) surrogate (LIC)
942 _2ddc
_cBK
999 _c17538
_d17538